[Event "Kiev-ch"]
[Site "Kiev"]
[Date "2008.01.31"]
[Round "11"]
[White "Tchoubar, Vladimir"]
[Black "Kalinkin, Boris"]
[Result "1/2-1/2"]
[WhiteElo "2238"]
[BlackElo "2223"]
[PlyCount "139"]
[EventDate "2008.01.19"]
[EventType "swiss"]
[EventRounds "11"]
[EventCountry "UKR"]
[SourceTitle "CBM 122 Extra"]
[Source "ChessBase"]
[SourceDate "2008.03.04"]
[SourceVersion "1"]
[SourceVersionDate "2008.03.04"]
[SourceQuality "1"]

1. d4 d5 2. Nf3 Nf6 3. Bg5 Nbd7 4. Nbd2 e6 5. e4 dxe4 6. Nxe4 Be7 7. Nxf6+ Bxf6 8. h4 h6 9. Be3 b6 10. Bb5 Bb7 11. Qe2 a6 12. Bd3 c5 13. 0-0-0 Qc7 14. Rh3 cxd4 15. Nxd4 Bxg2 16. Rg3 Bb7 17. Qh5 Nc5 18. Kb1 0-0-0 19. Nb3 Nxd3 20. cxd3 Kb8 21. Qg4 Rc8 22. Rc1 Qd6 23. d4 Ka7 24. Bf4 Rxc1+ 25. Kxc1 Rc8+ 26. Rc3 Rxc3+ 27. bxc3 Qa3+ 28. Kb1 Be4+ 29. Ka1 Bd5 30. Bc1 Qd6 31. Bf4 Qc6 32. Kb2 a5 33. Qh5 Qd7 34. Be5 Qe7 35. Qe2 a4 36. Bxf6 Qxf6 37. Nd2 Qf4 38. Ka3 Bc6 39. Nc4 Qc1+ 40. Qb2 Qxb2+ 41. Nxb2 b5 42. Nd3 Bd5 43. Ne5 f6 44. Nd7 Kb7 45. f4 Kc6 46. Nc5 g5 47. hxg5 hxg5 48. fxg5 fxg5 49. Nd3 Bc4 50. Ne5+ Kd5 51. Kb4 Bxa2 52. Kxb5 Bb3 53. Kb4 Bd1 54. Nd7 Ke4 55. Nf6+ Kf5 56. Ne8 g4 57. Ng7+ Kf6 58. Nh5+ Kg5 59. Ng3 Kh4 60. Ne4 g3 61. Nxg3 Kxg3 62. c4 Kf4 63. d5 e5 64. d6 Bg4 65. Kxa4 e4 66. c5 Bd7+ 67. Ka5 e3 68. Kb6 Ke5 69. Kc7 Ke6 70. c6 1/2-1/2

[Event "Kiev-ch"]
[Site "Kiev"]
[Date "2007.01.28"]
[Round "9"]
[White "Tchoubar, Vladimir"]
[Black "Moiseev, Igor"]
[Result "0-1"]
[WhiteElo "2287"]
[BlackElo "2236"]
[PlyCount "28"]
[EventDate "2007.01.20"]
[EventType "swiss"]
[EventRounds "11"]
[EventCountry "UKR"]
[SourceTitle "CBM 116 Extra"]
[Source "ChessBase"]
[SourceDate "2007.03.07"]
[SourceVersion "1"]
[SourceVersionDate "2007.03.07"]
[SourceQuality "1"]

1. d4 Nf6 2. Nf3 e6 3. Nc3 c5 4. d5 b5 5. d6 Qa5 6. Ng5 h6 7. Bd2 b4 8. Nge4 bxc3 9. Bxc3 Qd8 10. Nxc5 Qb6 11. Bxf6 gxf6 12. Ne4 f5 13. Nf6+ Kd8 14. e4 Qxb2 0-1

[Event "Kiev-ch"]
[Site "Kiev"]
[Date "2007.01.25"]
[Round "6"]
[White "Tchoubar, Vladimir"]
[Black "Lebed, Petr"]
[Result "1-0"]
[WhiteElo "2287"]
[BlackElo "2088"]
[PlyCount "85"]
[EventDate "2007.01.20"]
[EventType "swiss"]
[EventRounds "11"]
[EventCountry "UKR"]
[SourceTitle "CBM 116 Extra"]
[Source "ChessBase"]
[SourceDate "2007.03.07"]
[SourceVersion "1"]
[SourceVersionDate "2007.03.07"]
[SourceQuality "1"]

1. d4 Nf6 2. Nf3 d5 3. Bg5 e6 4. Nc3 c5 5. e4 cxd4 6. Qxd4 Be7 7. Bb5+ Nc6 8. exd5 exd5 9. Ne5 Bd7 10. Bxc6 bxc6 11. 0-0 0-0 12. Na4 Be8 13. Rfe1 h6 14. Bh4 g5 15. Bg3 Ne4 16. Rxe4 dxe4 17. Qxe4 Qd5 18. Qe3 Rd8 19. Nc3 Qd4 20. Qe2 Qb4 21. Nd3 Qc4 22. Qxe7 Rd7 23. Qf6 Qe6 24. Qf3 f5 25. Nc5 Qe7 26. Nxd7 Bxd7 27. Qe3 Qb4 28. Be5 Re8 29. Qd4 Qe7 30. f4 Be6 31. Rd1 Qb7 32. fxg5 hxg5 33. Bf6 Qxb2 34. Bxg5 Qxc2 35. Bh6 Re7 36. Qf6 Bd5 37. Qg5+ Kf7 38. Qh5+ Ke6 39. Nxd5 cxd5 40. Qf3 Qxa2 41. Re1+ Kd7 42. Qxf5+ Ke8 43. Qf8+ 1-0

[Event "Kiev-ch"]
[Site "Kiev"]
[Date "2006.02.02"]
[Round "11"]
[White "Tchoubar, Vladimir"]
[Black "Ivchenko, Anatoly"]
[Result "0-1"]
[WhiteElo "2313"]
[BlackElo "2165"]
[PlyCount "74"]
[EventDate "2006.01.24"]
[EventType "swiss"]
[EventRounds "11"]
[EventCountry "UKR"]
[SourceTitle "CBM 110 Extra"]
[Source "ChessBase"]
[SourceDate "2006.03.10"]
[SourceVersion "2"]
[SourceVersionDate "2006.03.10"]
[SourceQuality "1"]

1. d4 d5 2. Nf3 Nf6 3. Bg5 Ne4 4. Bf4 c5 5. e3 Qb6 6. Qc1 Nc6 7. c3 Bf5 8. Nbd2 e6 9. Nh4 Nxd2 10. Qxd2 Bg4 11. h3 Bh5 12. g4 Bg6 13. Nxg6 hxg6 14. Bg2 Be7 15. 0-0 a5 16. Rfe1 Rd8 17. Rad1 Qa7 18. Qe2 Qb6 19. c4 cxd4 20. cxd5 exd5 21. exd4 0-0 22. Rd3 Bb4 23. Red1 Rfe8 24. Be3 a4 25. Qc2 Qa6 26. Bf1 Rc8 27. Rc1 Qa7 28. Bg2 Rcd8 29. a3 Be7 30. b4 axb3 31. Qxb3 Na5 32. Qa4 Qa6 33. Rdc3 b5 34. Bf1 Rb8 35. Rb1 bxa4 36. Rxb8 Qxf1+ 37. Kxf1 Rxb8 0-1

[Event "Kiev-ch"]
[Site "Kiev"]
[Date "2006.01.30"]
[Round "8"]
[White "Tchoubar, Vladimir"]
[Black "Shumilov, Ilya"]
[Result "0-1"]
[WhiteElo "2313"]
[BlackElo "2098"]
[PlyCount "74"]
[EventDate "2006.01.24"]
[EventType "swiss"]
[EventRounds "11"]
[EventCountry "UKR"]
[SourceTitle "CBM 110 Extra"]
[Source "ChessBase"]
[SourceDate "2006.03.10"]
[SourceVersion "2"]
[SourceVersionDate "2006.03.10"]
[SourceQuality "1"]

1. d4 d5 2. Nf3 e6 3. Bg5 Be7 4. Bxe7 Qxe7 5. e3 Nf6 6. c4 0-0 7. Nc3 c6 8. Bd3 dxc4 9. Bxc4 Nbd7 10. 0-0 e5 11. e4 Nb6 12. Bb3 exd4 13. Qxd4 Be6 14. e5 Nfd5 15. Ne4 Rad8 16. Neg5 Bf5 17. a3 c5 18. Qd2 h6 19. Nh3 g5 20. Nhxg5 hxg5 21. Nxg5 Qxe5 22. Rfe1 Qf4 23. Qxf4 Nxf4 24. Re5 Bg6 25. Rxc5 Rd2 26. Rb5 Kg7 27. Bd1 Rfd8 28. Bf3 Ne2+ 29. Bxe2 Rxe2 30. Nf3 Be4 31. b4 Bxf3 32. gxf3 Rdd2 33. a4 Rxf2 34. a5 Rg2+ 35. Kh1 Rxh2+ 36. Kg1 Rdg2+ 37. Kf1 Nc4 0-1

[Event "Kiev Independence Cup-B 5th"]
[Site "Kiev"]
[Date "2005.08.06"]
[Round "5"]
[White "Tchoubar, Vladimir"]
[Black "Khliastikov, Georgy"]
[Result "1/2-1/2"]
[WhiteElo "2325"]
[BlackElo "2068"]
[PlyCount "255"]
[EventDate "2005.08.02"]
[EventType "swiss"]
[EventRounds "9"]
[EventCountry "UKR"]
[SourceTitle "CBM 107 Extra"]
[Source "ChessBase"]
[SourceDate "2005.09.01"]
[SourceVersion "1"]
[SourceVersionDate "2005.09.01"]
[SourceQuality "1"]

1. d4 d5 2. Nf3 e6 3. Bg5 Be7 4. Bxe7 Qxe7 5. Nc3 Nf6 6. Qd3 b6 7. 0-0-0 Ba6 8. Qd2 0-0 9. Qf4 Bb7 10. e3 a6 11. g4 c5 12. Rg1 Rc8 13. g5 Nh5 14. Qh4 g6 15. Ne5 Nd7 16. Nxd7 Qxd7 17. Be2 Ng7 18. dxc5 Qe7 19. Na4 Nf5 20. Qg4 Rc6 21. Nxb6 Qxc5 22. Nc4 dxc4 23. c3 Rc7 24. Rd2 Qe5 25. h4 Qe4 26. Qxe4 Bxe4 27. f3 Bb7 28. e4 Ng7 29. Rgd1 Nh5 30. Rd7 Rac8 31. Bxc4 Rxd7 32. Rxd7 Rxc4 33. Rxb7 Rc6 34. a4 Nf4 35. Kc2 Kf8 36. a5 Ke8 37. b4 Ne2 38. c4 e5 39. Kd3 Nf4+ 40. Kc3 Ne6 41. c5 Nc7 42. Rb8+ Ke7 43. Rh8 Ne6 44. Rxh7 Nf8 45. Rh8 Rc8 46. h5 gxh5 47. Rxh5 Rd8 48. Rh6 Ng6 49. Rh1 Nf4 50. Rh6 Ng6 51. Rh2 Rd4 52. Rb2 Kd7 53. b5 axb5 54. Rxb5 Kc6 55. Rb6+ Kxc5 56. Rb7 Ra4 57. Rc7+ Kb5 58. Rxf7 Ra3+ 59. Kd2 Rxa5 60. Rf6 Nf4 61. g6 Ra2+ 62. Ke1 Rg2 63. Rf5 Kc4 64. Kf1 Rxg6 65. Rxe5 Kd4 66. Ra5 Ke3 67. Ra3+ Nd3 68. e5 Kd4 69. f4 Nxf4 70. Ra1 Kxe5 71. Kf2 Ne6 72. Ra5+ Ke4 73. Ra3 Nd4 74. Re3+ Kf4 75. Re8 Ra6 76. Rf8+ Nf5 77. Ke2 Ra3 78. Kd2 Ke4 79. Re8+ Kd5 80. Rd8+ Nd6 81. Ke2 Ke5 82. Rh8 Kd4 83. Rd8 Re3+ 84. Kf2 Re6 85. Ra8 Rf6+ 86. Ke2 Rh6 87. Ra4+ Nc4 88. Ra8 Rh2+ 89. Kf3 Ne5+ 90. Kg3 Re2 91. Ra4+ Ke3 92. Ra3+ Nd3 93. Ra8 Rf2 94. Re8+ Kd2 95. Ra8 Rf7 96. Kg4 Nf2+ 97. Kg3 Ne4+ 98. Kg4 Nf2+ 99. Kg3 Ke3 100. Ra3+ Nd3 101. Kg4 Ke4 102. Ra4+ Ke5 103. Ra5+ Kd6 104. Ra6+ Kd5 105. Ra5+ Nc5 106. Ra1 Ke5 107. Ra5 Kd6 108. Ra1 Ne6 109. Ra6+ Ke5 110. Ra5+ Ke4 111. Ra4+ Nd4 112. Kg5 Rf1 113. Ra8 Ne6+ 114. Kg6 Nf8+ 115. Kg5 Ke5 116. Ra5+ Ke6 117. Ra6+ Ke7 118. Ra7+ Nd7 119. Kg4 Rf7 120. Kg5 Kf8 121. Ra8+ Kg7 122. Ra5 Nf8 123. Kg4 Ng6 124. Kg3 Kh6 125. Ra8 Kg5 126. Ra6 Ne5 127. Ra4 Rf1 128. Kg2 1/2-1/2

[Event "Kiev Independence Cup-B 5th"]
[Site "Kiev"]
[Date "2005.08.02"]
[Round "1"]
[White "Tchoubar, Vladimir"]
[Black "Shapoval, Alexandr"]
[Result "1-0"]
[WhiteElo "2325"]
[BlackElo "2304"]
[PlyCount "43"]
[EventDate "2005.08.02"]
[EventType "swiss"]
[EventRounds "9"]
[EventCountry "UKR"]
[SourceTitle "CBM 107 Extra"]
[Source "ChessBase"]
[SourceDate "2005.09.01"]
[SourceVersion "1"]
[SourceVersionDate "2005.09.01"]
[SourceQuality "1"]

1. d4 Nf6 2. Nf3 b6 3. Bg5 e6 4. e4 Be7 5. Bd3 Bb7 6. Qe2 d5 7. Nc3 0-0 8. h4 c5 9. e5 Nfd7 10. Bxe7 Qxe7 11. Bxh7+ Kxh7 12. Ng5+ Kh6 13. Qd2 Rh8 14. Nb5 Nc6 15. Nd6 Nd8 16. Ngxf7+ Kh7 17. Nxd8 Qxd8 18. Nxb7 Qc7 19. Nd6 cxd4 20. Qxd4 Kg8 21. 0-0-0 Rf8 22. f4 1-0

[Event "Kiev-ch"]
[Site "Kiev"]
[Date "2005.01.23"]
[Round "6"]
[White "Tchoubar, Vladimir"]
[Black "Perun, Sergey"]
[Result "0-1"]
[WhiteElo "2345"]
[BlackElo "2347"]
[PlyCount "132"]
[EventDate "2005.01.15"]
[EventType "swiss"]
[EventRounds "11"]
[EventCountry "UKR"]
[SourceTitle "CBM 104 Extra"]
[Source "ChessBase"]
[SourceDate "2005.03.01"]
[SourceVersion "1"]
[SourceVersionDate "2005.03.01"]
[SourceQuality "1"]

1. d4 Nf6 2. Nf3 c5 3. c3 d5 4. Bg5 Ne4 5. Bf4 Qb6 6. Qb3 c4 7. Qc2 h6 8. Nbd2 Bf5 9. Qc1 Nc6 10. e3 e6 11. Be2 Be7 12. 0-0 0-0 13. Nxe4 Bxe4 14. Nd2 Bg6 15. e4 Qd8 16. exd5 exd5 17. Nf3 Be4 18. Re1 Re8 19. Nd2 Bf5 20. Bf3 Qd7 21. Nf1 Bf8 22. Qd2 b5 23. a3 a5 24. Rxe8 Rxe8 25. Ne3 Be6 26. h3 Ne7 27. Ng4 Nf5 28. Ne5 Qd8 29. Re1 Nh4 30. Bg4 Bxg4 31. hxg4 Re6 32. Bg3 Ng6 33. Nxg6 Rxg6 34. Qf4 Re6 35. Rxe6 fxe6 36. Qe5 Kf7 37. Bf4 Be7 38. Qh5+ Kf8 39. Qg6 Bf6 40. g3 Qe7 41. Qh7 b4 42. axb4 axb4 43. Qh8+ Kf7 44. Qb8 bxc3 45. bxc3 Qa3 46. Qb7+ Kg6 47. Qb1+ Kf7 48. Qc2 Qa1+ 49. Kg2 Qe1 50. Qb2 Qe4+ 51. Kg1 g5 52. Bd6 Qxg4 53. Qb7+ Kg6 54. Be7 Qe4 55. Bb4 h5 56. Qc8 h4 57. Qg8+ Kf5 58. gxh4 Qg4+ 59. Kf1 gxh4 60. Qh7+ Qg6 61. Qc7 h3 62. Bd6 Qg2+ 63. Ke1 Qg1+ 64. Ke2 Qg4+ 65. Kd2 Bg5+ 66. f4 Bxf4+ 0-1

[Event "Kiev-ch"]
[Site "Kiev"]
[Date "2005.01.22"]
[Round "5"]
[White "Leshchenko, Vasilij"]
[Black "Tchoubar, Vladimir"]
[Result "0-1"]
[WhiteElo "2145"]
[BlackElo "2345"]
[PlyCount "111"]
[EventDate "2005.01.15"]
[EventType "swiss"]
[EventRounds "11"]
[EventCountry "UKR"]
[SourceTitle "CBM 104 Extra"]
[Source "ChessBase"]
[SourceDate "2005.03.01"]
[SourceVersion "1"]
[SourceVersionDate "2005.03.01"]
[SourceQuality "1"]

1. e4 e6 2. d4 d5 3. Nc3 dxe4 4. Nxe4 Qd5 5. Bd3 Nf6 6. Nxf6+ gxf6 7. Nf3 Rg8 8. 0-0 Bd6 9. Re1 Qh5 10. c4 Bd7 11. Bf1 Nc6 12. c5 Be7 13. Bd2 e5 14. d5 Bg4 15. Be2 e4 16. Ng5 Ne5 17. Bxg4 Nxg4 18. h3 fxg5 19. hxg4 Qg6 20. Qa4+ Kf8 21. Rxe4 Bxc5 22. Bc3 b5 23. Qxb5 Bxf2+ 24. Kxf2 Qxe4 25. Re1 Qf4+ 26. Kg1 Rg6 27. Qe2 Qd6 28. Qe4 Rb8 29. a3 Rh6 30. Be5 Qd7 31. Bd4 Rb5 32. d6 c6 33. Be5 Rd5 34. Qb4 Re6 35. Qb8+ Qe8 36. Bg7+ Kxg7 37. Qxe8 Rxe8 38. Rxe8 Rxd6 39. Kf2 Rd2+ 40. Re2 Rxe2+ 41. Kxe2 Kf6 42. b4 Ke5 43. Ke3 f5 44. gxf5 Kxf5 45. Kd4 h5 46. a4 h4 47. b5 cxb5 48. axb5 g4 49. Ke3 Ke5 50. Ke2 Kd4 51. Kf2 Kc5 52. Ke3 Kxb5 53. Kf4 h3 54. gxh3 gxh3 55. Kg3 a5 56. Kxh3 0-1